El Monasterio de Suso :. (Record no. 42019)
[ view plain ]
| 000 -CABECERA | |
|---|---|
| campo de control de longitud fija | 00318nam a2200121 a 4500 |
| 001 - NÚMERO DE CONTROL | |
| campo de control | 000042530 |
| 005 - FECHA Y HORA DE LA ÚLTIMA TRANSACCIÓN | |
| campo de control | 20201002040221.0 |
| 008 - DATOS DE LONGITUD FIJA--INFORMACIÓN GENERAL | |
| campo de control de longitud fija | 131210s1974 000 spa d |
| 040 ## - FUENTE DE LA CATALOGACIÓN | |
| Centro catalogador/agencia de origen | DO-SdBNP |
| Lengua de catalogación | spa |
| Centro/agencia transcriptor | BNPHU |
| 245 #3 - MENCIÓN DE TÍTULO | |
| Título | El Monasterio de Suso :. |
| 260 ## - PUBLICACIÓN, DISTRIBUCIÓN, ETC. | |
| Lugar de publicación, distribución, etc. | [s.l.], : |
| Nombre del editor, distribuidor, etc. | Sagredo, |
| Fecha de publicación, distribución, etc. | 1974. |
| 300 ## - DESCRIPCIÓN FÍSICA | |
| Extensión | 30 p. : |
| Otras características físicas | il ; |
| Dimensiones | 22 cm. |
| Estado de retiro | Estado de pérdida | Restricciones de uso | No para préstamo | Código de colección | Localización permanente | Ubicación/localización actual | Ubicación en estantería | Fecha de adquisición | Número de inventario | Total de préstamos | Signatura topográfica completa | Código de barras | Fecha visto por última vez | Precio válido a partir de | Tipo de ítem Koha |
|---|---|---|---|---|---|---|---|---|---|---|---|---|---|---|---|
| Excluido de préstamo | Monografías: Libros y Folletos | General | General | Depósito | 10.12.2013 | LF1 | 42530-10 | 25.06.2020 | 25.06.2020 | No se presta |
